Top 50 winningest NCAA basketball coaches - Statistics

General Stats
  • This quiz has been taken 1,637 times
    1,635 since last reset
  • The average score is 11 of 50
Answer Stats
Answer % Correct
Tubby Smith
73%
Bobby Knight
72%
Gary Williams
72%
John Wooden
72%
Coach K
69%
Dean Smith
68%
Roy Williams
65%
Jim Boeheim
57%
Rick Pitino
54%
John Calipari
49%
Adolph Rupp
46%
Jim Calhoun
36%
John Thompson
36%
jerry tarkanian
27%
Lute Olson
24%
Bob Huggins
22%
Phog Allen
20%
Denny Crum
18%
Eddie Sutton
18%
Gene Keady
16%
Henry Iba
16%
John Chaney
15%
Rick Barnes
15%
Ralph Miller
12%
Tom Davis
12%
Don Haskins
11%
Frank Mcguire
11%
Lou Henson
11%
Ray Meyer
11%
Lou Carnesecca
9%
Rick Majerus
9%
Billy Tubbs
8%
Bobby Cremins
8%
Guy Lewis
8%
Lefty Driesell
8%
Lon Kruger
8%
Norm Sloan
7%
Norm Stewart
7%
Mike Montgomery
6%
Hugh Durnham
5%
Cliff Ellis
4%
Pete Carril
4%
E.A. Diddle
3%
Slats Gill
3%
Thomas Penders
3%
Stew Morrill
2%
Dave Bliss
1%
Don Devoe
1%
Gale Catlett
1%
Tony Hinkle
1%
No matching quizzes found
Score Distribution
Percent of People with Each Score
Percentile by Number Answered
Your Score History
You have not taken this quiz since the last reset